| 000 | 00419nam a2200145Ia 4500 | ||
|---|---|---|---|
| 003 | OSt | ||
| 005 | 20260122105009.0 | ||
| 008 | 211028s2015 xx 000 0 und d | ||
| 040 | _cAIMIT LIBRARY | ||
| 041 | _aeng | ||
| 100 |
_aJithinlal , K R; Suresh, Rajani. _g1316065 _97338 |
||
| 245 | _aStudy on dealers satisfaction with berger paints India ltd / | ||
| 260 |
_aMangalore _bRajani Suresh. _c2015 |
||
| 942 |
_2ddc _cPRO |
||
| 999 |
_c218908 _d218908 |
||